Historias de la Ciudad de Dios /
Historias de la Ciudad de Dios (1995) es una colección póstuma de 28 relatos, crónicas, breves ensayos o reportajes y proyectos de guiones cinematográficos de Pier Paolo Pasolini, redactados y/o publicados entre los años 1950 y 1966, que comparten un carácter "romano" en un doble sentido: todos los...
Salvato in:
| Autore principale: | |
|---|---|
| Altri autori: | , |
| Natura: | Libro |
| Lingua: | spagnolo |
| Pubblicazione: |
Buenos Aires, Argentina :
EUDEBA,
1997, c1995
|
| Serie: | (Narrativa Contemporánea EUDEBA)
|
| Soggetti: | |
| Tags: |
Nessun Tag, puoi essere il primo ad aggiungerne!!
|
MARC
| LEADER | 00000nam^a2200000^a^4500 | ||
|---|---|---|---|
| 001 | 000195856 | ||
| 005 | 20250521000000.0 | ||
| 009 | 20260310102807.175 | ||
| 020 | |a 950-23-0679-1 | ||
| 037 | |a Acervo ITESO - Biblioteca | ||
| 041 | |a ESP | ||
| 082 | |a 858. |b PAS | ||
| 100 | |a Pasolini, Pier Paolo |e (autor) | ||
| 240 | 1 | 4 | |a [La ricotta] |
| 240 | 1 | 1 | |a [RoGoPaG] |
| 245 | 1 | 0 | |a Historias de la Ciudad de Dios / |c P.P. Pasolini ; ed. de W. Siti ; pref., notas, bibliog. y tr. por R. Raschella. |
| 264 | 4 | |a Buenos Aires, Argentina : |b EUDEBA, |c 1997, c1995 | |
| 300 | |a 254 p. | ||
| 336 | |a texto |b txt |2 rdacontenido | ||
| 337 | |a sin mediación |b n |2 rdamedio | ||
| 338 | |a volumen |b nc |2 rdasoporte | ||
| 440 | 1 | |a (Narrativa Contemporánea EUDEBA) | |
| 500 | |a Traducción de: Storie della Città di Dio | ||
| 520 | |a Historias de la Ciudad de Dios (1995) es una colección póstuma de 28 relatos, crónicas, breves ensayos o reportajes y proyectos de guiones cinematográficos de Pier Paolo Pasolini, redactados y/o publicados entre los años 1950 y 1966, que comparten un carácter "romano" en un doble sentido: todos los textos fueron escritos en la capital italiana –la mayor parte de ellos en el período inmediatamente posterior al arribo de su autor a Roma, en 1950- y tienen a dicha ciudad como su horizonte y referencia única, a excepción del relato Terracina. La compilación concluye con una entrevista realizada en 1973 al escritor y cineasta, quien manifiesta en la conversación su disgusto por una Roma transformada por desastres urbanísticos y culturales. | ||
| 545 | 0 | |a Pier Paolo Pasolini (Bolonia, 1922 – Roma, 1975), escritor y cineasta italiano cuya trayectoria creativa e intelectual guardó una relación estrecha con la asunción abierta de su homosexualidad y posturas políticas de izquierda, que incomodaron tanto a la ortodoxia marxista como al Estado y la Iglesia Católica. Pasolini, al que Alberto Moravia consideraba el poeta más importante de su generación, inició con Versi a Casarsa/Poesie a Casarsa (1941) un recorrido literario que comprendió, entre otros títulos: los volúmenes de poesía Las cenizas de Gramsci (1957), La religión de mi tiempo (1961) y Poesía en forma de rosa: 1961-1964 (1964); las novelas Chicos del arroyo (1955, también conocida como Muchachos de la calle), Una vida violenta (1959), Amado mío (1982), Actos impuros (1982) y Petróleo (1992, inconclusa); las obras de teatro Fabulaciones (1966), Calderón (1966) y Orgía (1969) o las colecciones de ensayos Escritos corsarios (1975) y Cartas luteranas (1976). Arrancó su muy personal filmografía, tras colaborar en la escritura de catorce películas (1955-1961), con las neorrealistas Accatone (1961) y Mamma Roma (1962), a las que siguieron filmes como El evangelio según san Mateo (1964), Edipo, el hijo de la fortuna (1967) y Medea (1969), Teorema (1968) y la trilogía formada por Decamerón (1971), Los cuentos de Canterbury (1972) y Las mil y una noches (1973). Un disidente sexual y político y una de las voces esenciales del mundo cultural europeo de la segunda mitad del siglo XX, fue asesinado en circunstancias no del todo esclarecidas en vísperas del estreno de su filme Saló o los 120 días de Sodoma (1975), que ha llegado a ser calificado como la película más controvertida de todos los tiempos. | |
| 649 | |a XX | ||
| 650 | |a Escritores Italianos - |x Entrevistas | ||
| 650 | |a Cineastas Italianos - |x Entrevistas | ||
| 650 | |a Cuentos Italianos | ||
| 650 | |a Crónicas Italianas | ||
| 650 | |a Artículos Periodísticos Italianos | ||
| 650 | |a Ensayos Italianos | ||
| 650 | |a Guiones Cinematográficos - |z Italia | ||
| 650 | |a Parodias | ||
| 650 | |a Sátira | ||
| 650 | |a Comedias Cinematográficas | ||
| 650 | |a Cortometrajes y Mediometrajes Italianos | ||
| 650 | |a Literatura y Cine - |z Italia | ||
| 650 | |a Literatura Italiana - |y Siglo XX | ||
| 650 | |a Cine Italiano - |y 1950-1959 | ||
| 650 | |a Cine Italiano - |y 1960-1969 | ||
| 650 | |a Cine Italiano - |y Siglo XX | ||
| 650 | |a Roma, Italia en la Literatura | ||
| 650 | |a Pasolini, Pier Paolo | ||
| 700 | |a Siti, Walter |e (edición) | ||
| 700 | |a Raschella, Roberto |e (prefacio, notas, bibliografía y traducción) | ||
| 910 | |a Fondo General | ||
| 920 | |a Impresos - Libros | ||
| 930 | |a Colección General | ||
| 940 | |a Literatura | ||
| 905 | |a 101 | ||
| 901 | |a 0500141669 |b IT1 |c LIT |u 20250521 | ||
| 902 | |a https://opac.biblio.iteso.mx/vufind/Record/000195856 | ||